00677nam a2200241 a 4500001001300000003000900013005001700022008004100039020001000080082001600090100002300106245002700129260003600156300000900192500003500201505001000236650002400246700002300270902000800293942000700301952011200308999001500420nice12345678IN_TiNIC20260116011606.0050524s1962 lona grp 000 0 eng  ac1.500a231.74bNIE aNiebuhr, H Richard aMeaning of Revelation. aLondonbMacmillan and Co.c1962 a196p aincludes index and biblioraphy2 aIndex aTheology-Revelation1 aNiebuhr, H Richard bSRS cBK 001040708StackRoom-aHMIbHMId2005-05-24g1.50l0o231.74 NIEp02580r2005-05-24v1.50w2005-05-24yBK c2791d2791